000 00629nam a22002297a 4500
003 UA-OsUOA
001 129009
007 ta
008 20180213b un ||||| |||| 00| 0 ukr d
100 _aМиртова П. Л.
090 _a82-6
_bМ64
942 _cRB
040 _aUA-OsUOA
_brus
_cUA-OsUOA
_dUA-OsUOA
245 _aИсторическія письма
300 _a265 с.
955 _a2
041 _arus
080 _a82-6
260 _aПетербургъ
_bТипографія А. Котомина
_c1870
650 7 _a82 Література. Літературознавство
_2UDC
999 _c416767
_d416767